| 000 -LEADER |
| fixed length control field |
02594cam a2200181 i 4500 |
| 003 - CONTROL NUMBER IDENTIFIER |
| control field |
OSt |
| 005 - DATE AND TIME OF LATEST TRANSACTION |
| control field |
20200520141946.0 |
| 008 - FIXED-LENGTH DATA ELEMENTS--GENERAL INFORMATION |
| fixed length control field |
180831s2019 enka b 001 0 eng |
| 020 ## - INTERNATIONAL STANDARD BOOK NUMBER |
| International Standard Book Number |
9781138485570 (pbk) |
| 082 00 - DEWEY DECIMAL CLASSIFICATION NUMBER |
| Classification number |
712AMO |
| Edition number |
23 |
| 245 00 - TITLE STATEMENT |
| Title |
Representing landscapes : |
| Remainder of title |
analogue / |
| Statement of responsibility, etc |
edited by Nadia Amoroso. |
| 300 ## - PHYSICAL DESCRIPTION |
| Extent |
xvii, 233 pages : |
| Other physical details |
illustrations (some color) ; |
| Dimensions |
28 cm |
| 504 ## - BIBLIOGRAPHY, ETC. NOTE |
| Bibliography, etc |
Includes bibliographical references (pages 227-228) and index. |
| 505 0# - FORMATTED CONTENTS NOTE |
| Formatted contents note |
Why use the analogue in today's landscape architectural education? / Nadia Amoroso -- Drawing on the power of the original / Roberto Rovira -- Marking time / Fiona Harrisson and Marian Macken -- The archaeology of the drawing and how to slow ideas down in a design conversation / Peter Lundsgaard Hansen -- Composing cartographies of complexity / Ed Wall -- Urban sketching : the practice of sketching and communicating / Richard Alomar -- The hand graphics experience / Ashley Steffens -- Practice and permission to take shortcuts / Kelly Cederberg -- Inside out : illustrating site experience through drawing / Maria Debije Counts -- Intent and craft : making refined drawings / Katie Kingery-Page and Alpa Nawre -- Notational topographies and experiential literacies through constructive drawings / Samantha Solano and Alberto de Salvatierra -- Intermediate-level sketching in architecture and landscape architecture / Russell W. Reid -- Fundamentals for hand developed (re)fined drawings / Miran Jung Day -- Understanding landscape and drawing ideas / Elizabeth Mossop -- Analogue fields / Adrian Hawker, Elinor Scarth and Tiago Torres-Campos -- Lands types and models forms : the art of represented models in middle-scale landscape architecture / Chen Jieping -- Modeling ecologies : raw materials and conceptual optics / Simon M. Bussiere -- A kiss over a tweet : operating a snow academy to scale in a cool climate / Dietmar Straub -- Modeling ideas landscapes as representational systems / Zaneta Hong -- Making parts and pieces / Paul Russell -- Afterwords professional practice using the analogue -- A new way to produce landscapes portal into intuition as method : Doodletech / Allison M. Dailey, Ballistic Architecture Machine (BAM) -- How a sketchbook shapes a practice : OLIN / Rebecca Popowsky, OLIN -- Strokes of inspiration : the Hallmark of evocative design EDSA hand graphics / Kona Gray, EDSA Inc -- The analogue version / Shannon Nichol, David Malda and Keith McPeters, Gustafson Guthrie Nichol (GGN). |
| 650 #0 - SUBJECT ADDED ENTRY--TOPICAL TERM |
| Topical term or geographic name as entry element |
Landscape architectural drawing. |
| 700 1# - ADDED ENTRY--PERSONAL NAME |
| Personal name |
Amoroso, Nadia, |
| Relator term |
editor. |
| 942 ## - ADDED ENTRY ELEMENTS (KOHA) |
| Source of classification or shelving scheme |
|